书目信息 |
| 题名: |
法理学问题
|
|
| 作者: | 范进学 著 | |
| 分册: | ||
| 出版信息: | 上海 上海三联书店 2013 |
|
| 页数: | 290页 | |
| 开本: | 24cm | |
| 丛书名: | ||
| 单 册: | ||
| 中图分类: | D903-53 | |
| 科图分类: | ||
| 主题词: | 法理学--Fa Li Xue--文集 | |
| 电子资源: | ||
| ISBN: | 978-7-5426-4445-9 | |
| 000 | 00935nam0 22002411 450 | |
| 001 | 0101082542 | |
| 005 | 20161201101533.50 | |
| 010 | @a978-7-5426-4445-9@dCNY49.00 | |
| 100 | @a20140318d2013 em y0chiy50 ea | |
| 101 | 0 | @achi |
| 102 | @aCN@b310000 | |
| 105 | @ay z 000yy | |
| 106 | @ar | |
| 200 | 1 | @a法理学问题@AFa Li Xue Wen Ti@dIssues of jurisprudence@f范进学著@zeng |
| 210 | @a上海@c上海三联书店@d2013 | |
| 215 | @a290页@d24cm | |
| 330 | @a本书收录了《论马克思的二元法哲学观》、《社会发展中的中国法理学悖论》、《私法理论对法理学的贡献》、《论中国特色社会主义法律体系的科学建构》、《论法律发展中的宪法问题》、《谈中国死刑制度的价值取向》、《论道德法律化与法律道德化》等有关法理学研究的文章。 | |
| 510 | 1 | @aIssues of jurisprudence@zeng |
| 606 | 0 | @a法理学@AFa Li Xue@j文集 |
| 690 | @aD903-53@v5 | |
| 701 | 0 | @a范进学@AFan Jin Xue@f(1963~)@4著 |
| 801 | 0 | @aCN@bTANGWEI@c20161128 |
| 905 | @b0952436-40@dD903-53@e677@f5 | |
| 法理学问题=Issues of jurisprudence/范进学著.-上海:上海三联书店,2013 |
| 290页;24cm |
| ISBN 978-7-5426-4445-9:CNY49.00 |
| 本书收录了《论马克思的二元法哲学观》、《社会发展中的中国法理学悖论》、《私法理论对法理学的贡献》、《论中国特色社会主义法律体系的科学建构》、《论法律发展中的宪法问题》、《谈中国死刑制度的价值取向》、《论道德法律化与法律道德化》等有关法理学研究的文章。 |
| ● |
| 相关链接 |
|
|
|
|
正题名:法理学问题
索取号:D903-53/677
 
预约/预借
| 序号 | 登录号 | 条形码 | 馆藏地/架位号 | 状态 | 备注 |
| 1 | 0952436 | 209524362 | 第一样本阅览室/ [索取号:D903-53/677] | 在馆 | |
| 2 | 0952437 | 209524371 | 密集书库-史法系/ [索取号:D903-53/677] | 在馆 | |
| 3 | 0952438 | 209524380 | 第一借阅区/ [索取号:D903-53/677] | 在馆 | |
| 4 | 0952439 | 209524399 | 第一借阅区/ [索取号:D903-53/677] | 在馆 | |
| 5 | 0952440 | 209524406 | 第一借阅区/ [索取号:D903-53/677] | 在馆 |